Billie Eilish - Halley's Comet Lyrics - Statistics

General Stats
  • This quiz has been taken 324 times
  • The average score is 142 of 162
Answer Stats
Answer % Correct
I
99%
a
98%
do
98%
do?
98%
you
98%
Halley's
97%
in
97%
to
97%
And
96%
and
96%
Comet
96%
be
95%
Comes
95%
more
95%
than
95%
around
94%
it
94%
But
93%
but
93%
don't
93%
for
93%
For
93%
love
93%
me
93%
my
93%
have
92%
with
92%
With
92%
been
91%
haven't
91%
Haven't
91%
honest
91%
slept
91%
want
91%
dreams
89%
is
89%
like
89%
fall
88%
I'm
88%
Midnight
88%
a.m
87%
am
87%
few
87%
must
87%
quite
87%
seem
87%
since
87%
Sunday
87%
admit
85%
What
85%
are
83%
week
83%
you've
83%
alone
81%
better
81%
brother's
81%
feel
81%
made
81%
nights
81%
Silly
81%
two
81%
promise
80%
sleepless
80%
was
80%
ever
79%
or
79%
room
79%
sitting
79%
could
78%
drag
78%
this
78%
break
77%
fallen
77%
I've
77%
now
77%
takes
77%
all
76%
might
75%
ooh
74%
ooh-ooh
74%
ooh-ooh-ooh
74%
Ooh-ooh-ooh
74%
think
74%
you're
74%
moment
73%
right
72%
before
70%
at
68%
loved
67%
good
66%
hopeless
66%
feeling
64%
nothing
64%
3:00
23%
No matching quizzes found
Score Distribution
Percent of People with Each Score
Percentile by Number Answered
Your Score History
You have not taken this quiz